Statistics for Top Scoring F1 Drivers Of The 2020’s

Click here to take the quiz!

General Stats

  • This quiz has been taken 43 times
  • The average score is 26 of 30

Answer Stats

PosNo.DriverTeamPoints% Correct
5th55🇪🇸Carlos SainzFerrari515.5
100%
9th3🇦🇺Daniel RicciardoMcLaren271
100%
8th63🇬🇧George RussellMercedes304
100%
2nd44🇬🇧Lewis HamiltonMercedes974.5
100%
1st33🇳🇱Max VerstappenRed Bull1063.5pts
100%
3rd11🇲🇽Sergio PerezRed Bull620
100%
4th16🇮🇩Charles LeclercFerrari565
97%
7th4🇬🇧Lando NorrisMcLaren379
97%
21st27🇩🇪Nico HulkenbergHaas10
97%
10th31🇫🇷Esteban OconAlpine228
95%
12th14🇪🇸Fernando AlonsoAston Martin162
95%
13th18🇨🇦Lance StrollAston Martin127
95%
14th5🇩🇪Sebastian VettelAston Martin113
95%
6th77🇫🇮Valterri BottasAlfa Romeo498
95%
11th10🇫🇷Pierre GaslyAlpine208
92%
16th22🇯🇵Yuki TsunodaAlphaTauri44
92%
15th23🇹🇭Alexander AlbonWilliams109
90%
18th20🇩🇰Kevin MagnussenHaas26
90%
34th24🇨🇳Guanyu ZhouAlfa Romeo6
87%
19th7🇫🇮Kimi RaikkonenAlfa Romeo14
87%
20th47🇩🇪Mick SchumacherHaas12
87%
23rd99🇮🇹Antonio GiovinazziAlfa Romeo7
82%
22nd6🇨🇦Nicholas LatifiWilliams9
82%
30th9🇷🇺Nikita MazepinHaas0
82%
26th21🇳🇱Nyck De VriesAlphaTauri2
79%
17th26🇷🇺Danii KvyatAlphaTauri32
74%
25th8🇫🇷Romain GrosjeanHaas2
72%
29th88🇵🇱Robert KubicaAlfa Romeo0
69%
28th50🇧🇷Pietro FittipaldiHaas0
51%
27th89🇬🇧Jack AitkenWilliams0
49%

Score Distribution

Percentile by Number Answered

Percent of People with Each Score

Your Score History

You have not taken this quiz